000 nam a22 a 4500
999 _c410627
_d410627
003 BLK
005 20210423090808.0
008 210423b bu |||||r|||| 00| | bu d
040 _aBLK
041 _aBUL
_cBUL
080 _aОбщи въпроси на селското стопанство
_b631
_z631
100 _91299
_aСоболев, С. С.
_eпърви автор
139 _aСоболев, С. С.
245 _aВидният руски учен академик В. Р. Вилямс
_cС. С. Соболев ; прев. от рус. Л. Дамянова
260 _9210040
_aСофия
_bНар. младеж
_c1952
300 _a32 с.
_c17 см
380 _a63
600 0 _9450245
_aВилямс, Василий Робертович
700 _9322093
_aДамянова, Л.
_eпрев. от рус.
852 _aЦб 6.170.39461
942 _cKNG
_n0
_s1
944 _aCR
_kВР